Manejo químico de malezas y su impacto en el rendimiento de cebolla para bulbo cv. Carta Blanca / (Record no. 220022)
[ view plain ]
| 000 -CABECERA | |
|---|---|
| campo de control de longitud fija | 03437nam a2200337 a 4500 |
| 003 - IDENTIFICADOR DEL NÚMERO DE CONTROL | |
| campo de control | OSt |
| 005 - FECHA Y HORA DE LA ÚLTIMA TRANSACCIÓN | |
| campo de control | 20240729155330.0 |
| 007 - CAMPO FIJO DE DESCRIPCIÓN FÍSICA--INFORMACIÓN GENERAL | |
| campo de control de longitud fija | cr ||||||a|c|a |
| 008 - DATOS DE LONGITUD FIJA--INFORMACIÓN GENERAL | |
| campo de control de longitud fija | 240626s2021 mx a|||fom||| 001 0 spa d |
| 040 ## - FUENTE DE LA CATALOGACIÓN | |
| Normas de descripción | rda |
| 100 1# - ENTRADA PRINCIPAL--NOMBRE DE PERSONA | |
| 9 (RLIN) | 189268 |
| Nombre de persona | Rodríguez Vélez, Brenda |
| 245 10 - MENCIÓN DE TÍTULO | |
| Título | Manejo químico de malezas y su impacto en el rendimiento de cebolla para bulbo cv. Carta Blanca / |
| Mención de responsabilidad, etc. | por Brenda Rodríguez Vélez; director de tesis Nahum Marbán Mendoza; secretario Anselmo de Jesús Cabrera Hidalgo; vocal José Alfredo Domínguez Valenzuela; suplente Calixto Leopoldo Carrillo Fonseca; suplente Sandra Guadalupe González Domínguez. |
| 264 #1 - PRODUCCIÓN, PUBLICACIÓN, DISTRIBUCIÓN, FABRICACIÓN Y COPYRIGHT | |
| Producción, publicación, distribución, fabricación y copyright | Chapingo, México : |
| Nombre del de productor, editor, distribuidor, fabricante | El autor, |
| Fecha de producción, publicación, distribución, fabricación o copyright | 2021. |
| 300 ## - DESCRIPCIÓN FÍSICA | |
| Extensión | 1 recurso en línea (57 páginas): |
| Otras características físicas | figuras, cuadros. |
| 336 ## - TIPO DE CONTENIDO | |
| Fuente | rdacontent |
| Término de tipo de contenido | texto |
| Código de tipo de contenido | txt |
| 337 ## - TIPO DE MEDIO | |
| Fuente | rdamedia |
| Nombre/término del tipo de medio | computadora |
| Código del tipo de medio | c |
| 338 ## - TIPO DE SOPORTE | |
| Fuente | rdacarrier |
| Nombre/término del tipo de soporte | recurso en línea |
| Código del tipo de soporte | cr |
| 502 ## - NOTA DE TESIS | |
| Tipo de título | Ingeniero Agrónomo Especialista en Parasitología Agrícola |
| Nombre de la institución que otorga el título | Departamento de Enseñanza, Investigación y Servicio en Parasitología Agrícola, |
| Año de obtención del título | 2021. |
| Información miscelánea | Licenciatura |
| 504 ## - NOTA DE BIBLIOGRAFÍA, ETC. | |
| Nota de bibliografía, etc. | Incluye referencias bibliográficas: páginas 21-24,43-46. |
| 520 ## - SUMARIO, ETC. | |
| Sumario, etc. | La presencia de malezas en plantaciones de cebolla (Allium cepa L.) es una de las principales problemáticas para este cultivo debido a que su capacidad competitiva por agua, luz y nutrientes es inferior a la que poseen las malezas, esto afecta su crecimiento y desarrollo, y puede ocasionar disminuciones en el rendimiento y calidad del producto cosechado. En el presente estudio se evaluó el efecto de cinco dosis de la mezcla propaquizafop + oxifluorfen (800-1600 mL/ha) y se comparó con dos herbicidas convencionales comerciales en el cultivo de cebolla cv. Carta Blanca en Salamanca, Guanajuato. Los tratamientos se distribuyeron bajo un diseño de bloques completos al azar con cuatro repeticiones y se cuantificó el grado de infestación de malezas antes y después de las aplicaciones. También se evaluó la altura de planta, peso y diámetro ecuatorial promedio de bulbos totales. La mezcla de propaquizafop + oxifluorfen (1200-1600 mL/ha) es una excelente alternativa para el control de malezas de hoja ancha (Sonchus oleraceus, Simsia amplexicaulis, Physalis acutifolia, Amaranthus sp. e Ipomoea purpurea) y angosta (Echinochloa sp.) en el cultivo de cebolla, ya que reduce considerablemente el número y porte de las malezas hasta los 42 dda, en función de la dosis aplicada. La mezcla propaquizafop + oxifluorfen provocó un ligero necrosamiento en la punta de las hojas viejas. Este efecto no repercutió gravemente el desarrollo de las plantas de cebolla. La aplicación de la mezcla propaquizafop + oxifluorfen (1200-1600 mL/ha) incrementó significativamente el diámetro y peso promedio de los bulbos. La producción de bulbos de cebolla aumentó en un 20-30 % en comparación con las plantas sin tratar, bajo las condiciones de este estudio.<br/> |
| 650 #4 - PUNTO DE ACCESO ADICIONAL DE MATERIA--TÉRMINO DE MATERIA | |
| 9 (RLIN) | 20784 |
| Término de materia o nombre geográfico como elemento de entrada | Cebolla |
| Subdivisión general | Malas hierbas |
| -- | Control |
| 650 #0 - PUNTO DE ACCESO ADICIONAL DE MATERIA--TÉRMINO DE MATERIA | |
| 9 (RLIN) | 174669 |
| Término de materia o nombre geográfico como elemento de entrada | Herbicidas aplicación |
| 650 #4 - PUNTO DE ACCESO ADICIONAL DE MATERIA--TÉRMINO DE MATERIA | |
| 9 (RLIN) | 132171 |
| Término de materia o nombre geográfico como elemento de entrada | Herbicidas |
| Subdivisión general | Análisis |
| 700 1# - PUNTO DE ACCESO ADICIONAL--NOMBRE DE PERSONA | |
| 9 (RLIN) | 71246 |
| Nombre de persona | Marbán Mendoza, Náhum |
| Término indicativo de función/relación | Director de tesis. |
| 700 1# - PUNTO DE ACCESO ADICIONAL--NOMBRE DE PERSONA | |
| 9 (RLIN) | 16669 |
| Nombre de persona | Cabrera Hidalgo, Anselmo de Jesús |
| Término indicativo de función/relación | Secretario. |
| 700 1# - PUNTO DE ACCESO ADICIONAL--NOMBRE DE PERSONA | |
| 9 (RLIN) | 33907 |
| Nombre de persona | Domínguez Valenzuela, José Alfredo |
| Término indicativo de función/relación | Vocal. |
| 700 1# - PUNTO DE ACCESO ADICIONAL--NOMBRE DE PERSONA | |
| 9 (RLIN) | 19482 |
| Nombre de persona | Carrillo Fonseca, Calixto Leopoldo |
| Término indicativo de función/relación | Suplente. |
| 700 1# - PUNTO DE ACCESO ADICIONAL--NOMBRE DE PERSONA | |
| 9 (RLIN) | 48859 |
| Nombre de persona | González Domínguez, Sandra Guadalupe |
| Término indicativo de función/relación | Suplente. |
| 856 ## - LOCALIZACIÓN Y ACCESO ELECTRÓNICOS | |
| Identificador Uniforme del Recurso | http://10.13.5.2/tesis/tl/2021_PA_Rodriguez_Velez_Brenda.pdf |
| Nota pública | DESCARGAR PDF |
| 942 ## - ELEMENTOS DE PUNTO DE ACCESO ADICIONAL (KOHA) | |
| Fuente del sistema de clasificación o colocación | Clasificación Universidad Autónoma Chapingo |
| Tipo de ítem Koha | Tesis digital |
| Estado de retiro | Estado de pérdida | Fuente del sistema de clasificación o colocación | Estado dañado | Restricciones de uso | No para préstamo | Código de colección | Localización permanente | Ubicación/localización actual | Ubicación en estantería | Fecha de adquisición | Total de préstamos | Signatura topográfica completa | Fecha visto por última vez | Precio válido a partir de | Tipo de ítem Koha |
|---|---|---|---|---|---|---|---|---|---|---|---|---|---|---|---|
| Clasificación Universidad Autónoma de Chapingo | Préstamo interno | Tesis digitales de Licenciatura | Biblioteca Digital | Biblioteca Digital | En línea | 26/06/2024 | Tesis digital | 26/06/2024 | 26/06/2024 | Tesis digital |
